Boli ste už v Dobšinej? ľadová jaskyňa - pýcha Gemera

Bibliographic Details
Format: Article
Language:Slovak
Subjects:

MARC

LEADER 00000nab a2200000 a 4500
001 vtls001014039
003 SK-MaSNL
005 20260303204037.0
008 040720e19470101xo 0 slo
035 |a RVS896 
040 |a RVGKPD  |b slo  |c RVGKPD  |e AACR2 
041 0 |a slo 
044 |a xo  |c SK 
080 |a 332.1  |2 1981 
080 |a 551.442  |2 1981 
245 0 0 |a Boli ste už v Dobšinej?  |b ľadová jaskyňa - pýcha Gemera 
650 0 7 |a samospráva obecná  |2 RVGKPD  |9 965143 
650 0 7 |a jaskyne  |2 RVGKPD  |9 20772 
651 7 |a Gočovo (Slovensko)  |2 RVGKPD  |9 58511 
651 7 |a Dobšinská ľadová jaskyňa (Slovensko)  |2 RVGKPD  |9 20637 
655 7 |a periodikum  |2 snkbucl  |9 29553 
773 0 8 |t Šafárikov kraj  |g Roč. 10, č.47, 29.11.1947, s. 3, 4 
852 |a ZVYKNI  |b KIS3GCP 
999 |c 2188196  |d 2190126